Predators : (Record no. 7147)

MARC details
000 -LEADER
fixed length control field 01442nam a22002537a 4500
001 - CONTROL NUMBER
control field 7147
003 - CONTROL NUMBER IDENTIFIER
control field FISKH
005 - DATE AND TIME OF LATEST TRANSACTION
control field 20250630093308.0
008 - FIXED-LENGTH DATA ELEMENTS--GENERAL INFORMATION
fixed length control field 250630b cb ||||| |||| 00| 0 eng d
020 ## - INTERNATIONAL STANDARD BOOK NUMBER
International Standard Book Number 9780545931588
040 ## - CATALOGING SOURCE
Original cataloging agency FISKH
Language of cataloging eng
Transcribing agency FISKH
Modifying agency FISKH
050 ## - LIBRARY OF CONGRESS CALL NUMBER
Classification number QL758.P733
082 ## - DEWEY DECIMAL CLASSIFICATION NUMBER
Classification number 591.53
100 ## - MAIN ENTRY--PERSONAL NAME
Personal name Reynolds, Toby
245 ## - TITLE STATEMENT
Title Predators :
Remainder of title Including crocodiles, polar bears, tarantulas, scorpions, and more! /
250 ## - EDITION STATEMENT
Edition statement First Scholastic printing, December 2015.
260 ## - PUBLICATION, DISTRIBUTION, ETC.
Place of publication, distribution, etc. New York :
Name of publisher, distributor, etc. Scholastic,
Date of publication, distribution, etc. 2013
300 ## - PHYSICAL DESCRIPTION
Extent 32 pages :
Other physical details color illustrations ;
Dimensions 26 cm
490 ## - SERIES STATEMENT
Series statement Visual explorers :
520 ## - SUMMARY, ETC.
Summary, etc. The books in this Visual Explorers series feature page after page of dramatic, full-color photographs. Inside, kids can get up-close and personal with dangerous animals, natural wonders, ocean life, and the mysteries of the rainforest. In Predators, engaging text, detailed facts, and impressive statistics give children exciting scientific insight into some of the world's most fearsome hunters, whether they walk, fly, swim, or crawl. A glossary at the end of each book helps reinforce the information. Parents, teachers, and librarians will want to collect all of the books in this series to create a very cool first encyclopedia to build early research skills
650 ## - SUBJECT ADDED ENTRY--TOPICAL TERM
Topical term or geographic name entry element Wild animals
Form subdivision Nature nonfiction
General subdivision Hunting techniques
Chronological subdivision Animal behavior
942 ## - ADDED ENTRY ELEMENTS (KOHA)
Source of classification or shelving scheme Dewey Decimal Classification
Koha item type Books
Suppress in OPAC No
Holdings
Withdrawn status Lost status Source of classification or shelving scheme Damaged status Not for loan Collection Home library Current library Shelving location Date acquired Total Checkouts Full call number Barcode Date last seen Copy number Price effective from Koha item type
    Dewey Decimal Classification     Non-Fiction Footprints International School Library Network Toul Kork Campus Footprints International School Library Network Toul Kork Campus A TK Campus, 4th Floor, Room B401, Non-Fiction Bookcases(7-8) 06/30/2025   REY 591.53 QL758.P733 FISTK05546 06/30/2025 1 06/30/2025 Books